000 00632cab a2200229 4500
001 ABS46180
008 090401t1992 xxu||||| |||| 00| 0 eng d
035 _a(Sirsi) u57076
041 _aeng
100 _aNicholls, T.
245 _aNew Roads and Street Works Act
260 _c1992
350 _a0
490 _aCivil Engineering Surveyor
_v17(3) April 1992, 11-12(2)
520 _aHighlights the main provisions, relating to street works only.
650 _aNEW ROADS AND STREET WORKS ACT 1991
650 _aROAD WORKS
650 _aSTREET WORKS
690 _aBUILT ENVIRONMENT
942 _n0
948 _c04/03/1997
999 _c34793
_d34793